| 000 | 01219nam a22002537a 4500 | ||
|---|---|---|---|
| 999 |
_c13358 _d13358 |
||
| 003 | AR-CdUCM | ||
| 008 | 190415b ||||| |||| 00| 0 spa d | ||
| 040 |
_aMUNICIPALIDAD PROVINCIAL DEL CUSCO _cBIBLIOTECA MUNICIPAL DEL CUSCO |
||
| 082 |
_a398.353 / _bG91 |
||
| 100 |
_aGuibovich del Carpio, Lorgio Adalberto _931737 |
||
| 245 | _aMedicina folklórica en el antiguo Perú y su proyección en el mundo moderno / | ||
| 260 |
_aLima : _bUniversidad Nacional Federico Villarreal, Facultad de Ciencias Sociales , _bConsejo Nacional de Ciencia y Tecnología, _c1989. |
||
| 300 |
_a172 páginas ; _bilustraciones, _c20 cm. |
||
| 505 | _aContenido: Folklorología -- La medicina folklórica en el antiguo Perú -- La medicina natural incaica -- El matrimonio y la protección de la familia en el Incario -- Etapas de la práctica curativa ... | ||
| 650 |
_aMedicina tradicional _914646 |
||
| 650 |
_aÉpoca Prehispánica _92714 |
||
| 650 |
_aNaturopatía _919456 |
||
| 650 |
_aAspectos sociales _9262 |
||
| 650 |
_aPerú _935 |
||
| 710 |
_aUniversidad Nacional Federico Villarreal (Lima) _924528 |
||
| 710 |
_aConsejo Nacional de Ciencia y Tecnología (Perú). _98513 |
||
| 942 |
_2ddc _cLIBROS |
||
| 945 |
_aachl _d2019-04-15 |
||